|
|
|
|
| LEADER |
00000nam0a2200000 4500 |
| 001 |
70350 |
| 005 |
20231101212515.0 |
| 010 |
|
|
|a 9785940521624
|
| 035 |
|
|
|a (RuTPU)RU\TPU\book\74910
|
| 090 |
|
|
|a 70350
|
| 100 |
|
|
|a 20041122d2008 m y0rusy50 ca
|
| 101 |
0 |
|
|a rus
|
| 102 |
|
|
|a RU
|
| 105 |
|
|
|a a j 001zy
|
| 200 |
1 |
|
|a Лекции по атомной физике
|e учебник
|f М. А. Фаддеев, Е. В. Чупрунов
|
| 210 |
|
|
|a Москва
|c Физматлит
|d 2008
|
| 215 |
|
|
|a 612 с.
|c ил.
|
| 320 |
|
|
|a Библиогр.: с. 611-612.
|
| 330 |
|
|
|a Последовательное изложение экспериментальных основ и принципов квантовой физики в применении к строению атомов и молекул. Рассматриваются оптические и рентгеновские спектры, а также поведение атомов во внешних электрических и магнитных полях. Описываются приближенные методы расчета электронной структуры молекулярных систем. Для студентов физических факультетов университетов, а также других высших учебных заведений, изучающих физику атома, физику конденсированного состояния, микроэлектронику и нанотехнологии.
|
| 606 |
1 |
|
|a Атомная физика
|2 stltpush
|3 (RuTPU)RU\TPU\subj\29674
|9 52952
|
| 610 |
1 |
|
|a лекции
|
| 610 |
1 |
|
|a учебники
|
| 610 |
1 |
|
|a атомы
|
| 610 |
1 |
|
|a абсолютно черное тело
|
| 610 |
1 |
|
|a законы излучения
|
| 610 |
1 |
|
|a фотоны
|
| 610 |
1 |
|
|a элементарные частицы
|
| 610 |
1 |
|
|a волновые свойства
|
| 610 |
1 |
|
|a постулаты Бора
|
| 610 |
1 |
|
|a волновая функция
|
| 610 |
1 |
|
|a квантовая механика
|
| 610 |
1 |
|
|a стационарные состояния
|
| 610 |
1 |
|
|a водород
|
| 610 |
1 |
|
|a магнитные свойства
|
| 610 |
1 |
|
|a тонкая структура
|
| 610 |
1 |
|
|a многоэлектронные атомы
|
| 610 |
1 |
|
|a периодическая таблица
|
| 610 |
1 |
|
|a атомные термы
|
| 610 |
1 |
|
|a оптические спектры
|
| 610 |
1 |
|
|a рентгеновские лучи
|
| 610 |
1 |
|
|a закон Мозли
|
| 610 |
1 |
|
|a эффект Оже
|
| 610 |
1 |
|
|a внешние поля
|
| 610 |
1 |
|
|a молекулы
|
| 610 |
1 |
|
|a метод молекулярных орбиталей
|
| 610 |
1 |
|
|a вариационный метод
|
| 610 |
1 |
|
|a молекулярные термы
|
| 610 |
1 |
|
|a молекулярные спектры
|
| 675 |
|
|
|a 539.18(075.8)
|v 3
|
| 700 |
|
1 |
|a Фаддеев
|b М. А.
|g Михаил Андреевич
|
| 701 |
|
1 |
|a Чупрунов
|b Е. В.
|g Евгений Владимирович
|
| 801 |
|
1 |
|a RU
|b 63413507
|c 20041122
|g PSBO
|
| 801 |
|
2 |
|a RU
|b 63413507
|c 20150519
|g PSBO
|
| 900 |
|
|
|a Атомная физика
|
| 942 |
|
|
|c BK
|
| 951 |
|
|
|b 010700
|b 010701
|b 010704
|